LEADER 00958nam0-2200289---450- 001 990008386310403321 005 20060928101619.0 035 $a000838631 035 $aFED01000838631 035 $a(Aleph)000838631FED01 035 $a000838631 100 $a20060928d1992----km-y0itay50------ba 101 0 $ager 102 $aDE 105 $a--------001yy 200 1 $aStaatenimmunität bei Distanzdelikten$eder private kläger im schnittpunkt von zivilgerichtlichem und völkerrechtlichem rechtsschutz$fBurkhard Hess 210 $aMünchen$cC.H. BECK'SCHE VERLAGSBUCHANDLUNG$d1992 215 $aXXI 466 pag.$c23 225 1 $aMünchener Universitätsschriften Reihe der Juristischen Fakultät$vB.91 700 1$aHess,$bBurkhard$0299118 801 0$aIT$bUNINA$gRICA$2UNIMARC 901 $aBK 912 $a990008386310403321 952 $aDI 5/957$b13873$fDEC 959 $aDEC 996 $aStaatenimmunität bei Distanzdelikten$9724807 997 $aUNINA LEADER 01309nam--2200409---450- 001 990002683050203316 005 20051109104214.0 010 $a0-9714141-5-7 035 $a000268305 035 $aUSA01000268305 035 $a(ALEPH)000268305USA01 035 $a000268305 100 $a20051107d2003----km-y0itay0103----ba 101 $aeng 102 $aUS 105 $a||||||||001yy 200 1 $aComputer applications in hydraulic engineering$econnecting theory to practice$fHaestad Methods... [et. al],$gcontibuting authors Thomas M. Walski, Thomas E. Barnard, Rochy S. Durrans, Michael E. Meadows 205 $a6 ed. 210 $aWaterbury$cHaestad$dcopyr 2003 215 $aXI, 375 P.$bill.$d24 cm$eCD 410 0$12001 454 1$12001 461 1$1001-------$12001 606 0 $aIngegneria idraulica$xElaborazione dati 676 $a627.0285 710 02$aHAESTAD METHODS$0592030 801 0$aIT$bsalbc$gISBD 912 $a990002683050203316 951 $aI/D 503$b1849 DIC 959 $aBK 969 $aDIC 979 $aDIC$b10$c20051107$lUSA01$h1702 979 $aDIC$b10$c20051108$lUSA01$h1024 979 $aDIC$b10$c20051109$lUSA01$h1014 979 $aDIC$b10$c20051109$lUSA01$h1042 996 $aComputer applications in hydraulic engineering$91002703 997 $aUNISA